MARC details
| 000 -LEADER |
| fixed length control field |
01780nam a22003017a 4500 |
| 005 - DATE AND TIME OF LATEST TRANSACTION |
| control field |
20090528143828.0 |
| 008 - FIXED-LENGTH DATA ELEMENTS--GENERAL INFORMATION |
| fixed length control field |
081216s2009 nyua b 001 0 eng d |
| 010 ## - LCCN (DPL NO) |
| LC control number |
ENG-93785 |
| 020 ## - INTERNATIONAL STANDARD BOOK NUMBER |
| International Standard Book Number |
9780070140677 |
| Terms of availability |
595.00 |
| 020 ## - INTERNATIONAL STANDARD BOOK NUMBER |
| International Standard Book Number |
0070140677 |
| Terms of availability |
595.00 |
| 035 ## - SYSTEM CONTROL NUMBER |
| System control number |
EN-77318 |
| 037 ## - SOURCE OF ACQUISITION |
| Source of stock number/acquisition |
DBAD / PUB |
| 040 ## - CATALOGING SOURCE |
| Original cataloging agency |
dpl |
| Language of cataloging |
English |
| 082 ## - DEWEY DECIMAL CLASSIFICATION NUMBER |
| Classification number |
303.4834 |
| 100 ## - MAIN ENTRY--PERSONAL NAME |
| Personal name |
Tapscott, Don |
| 245 ## - TITLE STATEMENT |
| Title |
Grown up digital : |
| Remainder of title |
how the net generation is changing your world / |
| Statement of responsibility, etc |
by Don Tapscott |
| 260 ## - PUBLICATION, DISTRIBUTION, ETC. (IMPRINT) |
| Place of publication, distribution, etc |
New Delhi |
| Name of publisher, distributor, etc |
Tat McGraw-Hill Publishing |
| Date of publication, distribution, etc |
2009 |
| 270 ## - ADDRESS |
| Address |
7 West Patel Nagar, |
| City |
New Delhi |
| Postal code |
110008 |
| 300 ## - PHYSICAL DESCRIPTION |
| Extent |
xvi, 368 p. : |
| Other physical details |
ill. ; |
| Dimensions |
24cm(Hb) |
| 500 ## - GENERAL NOTE |
| General note |
Includes bibliographical references and index. |
| 505 ## - FORMATTED CONTENTS NOTE |
| Miscellaneous information |
Meet the net gen: |
| Title |
The net generation comes of age -- |
| -- |
A generation bathed in bits -- |
| -- |
The eight net gen norms: characteristics of a generation -- |
| -- |
The net generation brain -- |
| Miscellaneous information |
Transforming institutions: |
| Title |
The net generation as learners: rethinking education -- |
| -- |
The net generation in the workforce: rethinking talent and management -- |
| -- |
The net generation as consumers: N-fluence networks and the prosumer revolution -- |
| -- |
The net generation and the family: no place like the new home -- |
| Miscellaneous information |
Transforming society: |
| Title |
The net generation and democracy: Obama, social networks, and citizen engagement -- |
| -- |
Making the world a better place, at ground level -- |
| -- |
In defense of the future. |
| 650 ## - SUBJECT ADDED ENTRY--TOPICAL TERM |
| Topical term or geographic name as entry element |
Technology and youth. |
| 650 ## - SUBJECT ADDED ENTRY--TOPICAL TERM |
| Topical term or geographic name as entry element |
Generation Y. |
| 650 ## - SUBJECT ADDED ENTRY--TOPICAL TERM |
| Topical term or geographic name as entry element |
Computers and civilization. |
| 650 ## - SUBJECT ADDED ENTRY--TOPICAL TERM |
| Topical term or geographic name as entry element |
Computer networks. |
| 942 ## - ADDED ENTRY ELEMENTS (KOHA) |
| Source of classification or shelving scheme |
Dewey Decimal Classification |
| Item type |
English Books |
| Classification part |
303.4834 |
| Call number suffix |
TAP |